000 00328nam a22001337a 4500
008 170619b xxu||||| |||| 00| 0 eng d
020 _a9780136851240
041 _aeng
080 _23RD
_a323
100 _a20
101 _aSHP
245 _aPOLITICAL ISSUES DEBATED AN INTRODUCTION TO POLITICS
_cLEVINE,H,M
942 _2udc
_cBK
999 _c18064
_d18064